[Event "SVK ECo-C Extraliga 2018-19"]
[Site "Slovakia"]
[Date "2019.04.14"]
[Round "9.3"]
[White "Michalik, Peter"]
[Black "Jablonicky, Martin"]
[Result "0-1"]
[WhiteElo "2577"]
[BlackElo "2322"]
[Annotator "TA"]
[PlyCount "112"]
[EventDate "2018.11.10"]
[EventType "team-tourn"]
[EventCountry "SVK"]
[SourceTitle "playchess.com"]
[Source "ChessBase"]
[SourceQuality "1"]
[WhiteTeam "Modra"]
[BlackTeam "Osuske"]

{[%evp 18,112,36,33,68,55,64,64,77,57,70,58,55,52,96,80,103,102,96,96,96,97,101,104,104,106,106,88,116,67,77,75,141,141,136,139,135,0,0,0,0,0,0,0,-4,-31,0,-70,-23,-165,-150,-126,-56,-58,-61,-68,-37,-147,-147,-147,-148,-148,-112,-111,-95,-87,-64,-104,-47,-128,-131,-131,-126,-135,-122,-184,-184,-329,-289,-312,-266,-429,-379,-697,-691,-674,-645,-581,-461,-1244,-1403,-1391,-1284,-1122,-958,-645,-568]} 1. d4 Nf6 2. Nf3 g6 3. g3 Bg7 4. Bg2 O-O 5. O-O d6 6. c4 Nbd7 7. Nc3 e5 8. e4 exd4 9. Nxd4 Nc5 10. f3 Bd7 {E68: King's Indian: Fianchetto: 6...Nbd7 7 0-0 e5 8 e4} (10... a5 11. b3 Bd7 12. Be3 Re8 13. Qd2 h5 14. Rad1 Qc8 15. Ndb5 Bc6 16. Rfe1 b6 17. Qc2 Bd7 18. a3 Na6 {1-0 (30) Ju,W (2583)-Maze,S (2613) Caleta 2017}) 11. Be3 a6 $146 ({Predecessor:} 11... Re8 12. Qd2 Ne6 13. Rac1 Nxd4 14. Bxd4 Be6 15. b3 c6 16. Rfd1 Qa5 17. Kh1 Rad8 18. Bxf6 Bxf6 19. Nd5 {1-0 (19) Jimenez Gonzalez,M (1851)-Sanchez Hernandez,G (2100) Madrid 2015}) 12. Qc2 Ne6 {White is slightly better.} 13. Rfd1 Rc8 14. Nb3 Qe7 15. Qf2 b5 16. c5 b4 17. Nd5 Nxd5 18. exd5 Ng5 19. Bxg5 Qxg5 20. c6 Be8 21. f4 Qd8 22. Nd4 Rb8 23. g4 Bxd4 24. Qxd4 Qh4 ({Black should try} 24... f5) 25. Qa7 $16 Rc8 26. Qb7 Qxg4 {[#]} 27. Rd3 ({Don't play} 27. Qxa6 $6 f6 $14) (27. Qxb4 $6 f5 $11) (27. f5 $1 $16 Qxf5 28. Rf1 Bxc6 29. Qxc6) 27... f6 $11 28. Qxb4 Bf7 29. Rg3 Qh4 30. Qd4 Rfe8 31. Bf3 f5 32. Kg2 (32. a4 $11) 32... Rb8 {Black wants to play ...a5.} 33. Rf1 (33. b4 $11) 33... Qe7 34. Rf2 Qe3 (34... Qe1 $17 35. a3 Qe3) 35. Qxe3 $1 $15 Rxe3 36. Rd2 $1 Rb4 37. Be2 {[#]} (37. Bd1 $1 $15 Re8 38. Ra3) 37... Bxd5+ $1 $17 {[%mdl 576] Double Attack} 38. Kf2 (38. Rxd5 Rxe2+) 38... Rxg3 39. hxg3 Bxc6 ({Much worse is} 39... Bxa2 $6 40. b3 $11) 40. Bxa6 {[%mdl 4096] Endgame KRB-KRB} Be4 41. a3 Rb6 42. Bc4+ {[#]} d5 $1 {[%mdl 512]} 43. Ba2 ({White should play} 43. Bxd5+ $15 Bxd5 44. Rxd5) 43... Kf7 44. Bxd5+ Bxd5 45. Rxd5 Rxb2+ {KR-KR} 46. Kf1 (46. Ke3 $17) 46... Ke6 $19 47. Re5+ (47. Ra5 $142) 47... Kd6 48. Re8 Rb3 49. Kg2 $2 (49. Rd8+ Ke6 50. Re8+ Kd6 51. Rd8+ Ke6 52. Re8+ Kd7 53. Rh8) 49... Rxa3 50. Rh8 $2 (50. Rd8+ Ke6 51. Re8+ Kd7 52. Rh8) 50... c5 {Black is clearly winning.} 51. Rxh7 Ra6 52. Kf3 Kd5 53. Rd7+ (53. Ke3 $142 c4 54. Rg7) 53... Rd6 54. Rc7 Kc4 55. g4 fxg4+ 56. Kxg4 Kd4 {Accuracy: White = 43%, Black = 50%.} 0-1

[Event "SVK ECo-C Extraliga 2018-19"]
[Site "Slovakia"]
[Date "2019.04.12"]
[Round "9.3"]
[White "Antal, Gergely"]
[Black "Nemeth, Miklos"]
[Result "1-0"]
[WhiteElo "2552"]
[BlackElo "2488"]
[Annotator "ChessBase"]
[PlyCount "91"]
[EventDate "2018.11.10"]
[EventType "team-tourn"]
[EventCountry "SVK"]
[SourceTitle "playchess.com"]
[Source "ChessBase"]
[SourceQuality "1"]
[WhiteTeam "Slovan"]
[BlackTeam "Streda"]
[TimeControl "40/5400+30:1800+30"]

1. e4 {[%emt 0:00:00]} c5 {[%emt 0:00:00]} 2. Nf3 {[%emt 0:00:00]} Nf6 {[%emt 0:00:00]} 3. e5 {[%emt 0:00:30]} Nd5 {[%emt 0:00:00]} 4. Nc3 {[%emt 0:00:17]} Nxc3 {[%emt 0:00:01]} 5. dxc3 {[%emt 0:00:09]} e6 {[%emt 0:02:56]} 6. Bf4 {[%emt 0:00:53]} h6 {[%emt 0:03:06]} 7. h4 {[%emt 0:01:16]} Qb6 {[%emt 0:01:03]} 8. b3 {[%emt 0:10:49]} Qc7 {[%emt 0:01:57]} 9. Bd3 {[%emt 0:00:48]} Nc6 {[%emt 0:00:50]} 10. Qe2 {[%emt 0:04:14]} d5 {[%emt 0:03:23]} 11. exd6 {[%emt 0:00:17]} Bxd6 {[%emt 0:00:06]} 12. Bxd6 {[%emt 0:00:06]} Qxd6 {[%emt 0:00:04]} 13. Qe3 {[%emt 0:05:45]} Bd7 {[%emt 0:05:03]} 14. O-O-O {[%emt 0:03:25]} Qe7 {[%emt 0:05:10]} 15. Be4 {[%emt 0:05:46]} O-O {[%emt 0:20:35]} 16. g4 {[%emt 0:02:52]} a5 {[%emt 0:11:14]} 17. g5 {[%emt 0:03:37]} h5 {[%emt 0:01:55]} 18. g6 {[%emt 0:12:12]} fxg6 {[%emt 0:02:20]} 19. Rhg1 {[%emt 0:04:02]} Rf6 {[%emt 0:07:01]} 20. Rxg6 {[%emt 0:05:49]} Rxg6 {[%emt 0:02:24]} 21. Bxg6 {[%emt 0:00:05]} Be8 {[%emt 0:00:15]} 22. Bd3 {[%emt 0:01:29]} Rd8 {[%emt 0:14:32]} 23. Ng5 {[%emt 0:07:01]} Rd6 {[%emt 0:06:51]} 24. Rg1 {[%emt 0:03:03]} e5 {[%emt 0:03:47]} 25. Ne4 {[%emt 0:01:15]} Rg6 {[%emt 0:00:27]} 26. Ng3 {[%emt 0:06:04]} Qxh4 {[%emt 0:03:10]} 27. Bxg6 {[%emt 0:01:02]} Bxg6 {[%emt 0:00:03]} 28. Qxc5 {[%emt 0:01:52]} Qg4 {[%emt 0:01:31]} 29. Qd5+ {[%emt 0:02:36]} Kh7 {[%emt 0:00:34]} 30. Rh1 {[%emt 0:04:14]} Qf4+ {[%emt 0:00:03]} 31. Qd2 {[%emt 0:00:18]} Kh6 {[%emt 0:00:07]} 32. Qxf4+ {[%emt 0:08:02]} exf4 {[%emt 0:00:03]} 33. Ne2 {[%emt 0:00:04]} f3 {[%emt 0:00:16]} 34. Nd4 {[%emt 0:00:04]} Ne5 {[%emt 0:01:57]} 35. Re1 {[%emt 0:00:24]} Ng4 {[%emt 0:00:30]} 36. Nxf3 {[%emt 0:00:22]} Nxf2 {[%emt 0:00:10]} 37. Re6 {[%emt 0:00:13]} Kh7 {[%emt 0:00:23]} 38. c4 {[%emt 0:02:11]} Nh3 {[%emt 0:01:08]} 39. c5 {[%emt 0:01:31]} Bf7 {[%emt 0:02:32]} 40. Rd6 {[%emt 0:01:13]} Be8 {[%emt 0:00:33]} 41. Ne5 {[%emt 0:33:42]} h4 {[%emt 0:31:50]} 42. Kd2 {[%emt 0:00:00]} Ng5 {[%emt 0:00:00]} 43. Ke3 {[%emt 0:00:00]} h3 {[%emt 0:00:00]} 44. Rd4 {[%emt 0:00:00]} Kg8 {[%emt 0:00:00]} 45. Rh4 {[%emt 0:00:00]} Kf8 {[%emt 0:00:00]} 46. Nf3 {[%emt 0:00:00]} 1-0

[Event "SVK ECo-C Extraliga 2018-19"]
[Site "Slovakia"]
[Date "2019.04.12"]
[Round "9.3"]
[White "Leniart, Arkadiusz"]
[Black "Markos, Jan"]
[Result "1/2-1/2"]
[WhiteElo "2486"]
[BlackElo "2571"]
[Annotator "ChessBase"]
[PlyCount "78"]
[EventDate "2018.11.10"]
[EventType "team-tourn"]
[EventCountry "SVK"]
[SourceTitle "playchess.com"]
[Source "ChessBase"]
[SourceQuality "1"]
[WhiteTeam "Prakovce"]
[BlackTeam "Snina"]
[TimeControl "40/5400+30:1800+30"]

1. d4 {[%emt 0:00:00]} Nf6 {[%emt 0:00:00]} 2. c4 {[%emt 0:00:00]} e6 {[%emt 0:00:00]} 3. Nc3 {[%emt 0:00:00]} Bb4 {[%emt 0:00:00]} 4. Nf3 {[%emt 0:00:00]} b6 {[%emt 0:01:51]} 5. Bg5 {[%emt 0:00:00]} Bb7 {[%emt 0:01:34]} 6. Qc2 {[%emt 0:00:00]} a5 {[%emt 0:05:41]} 7. e3 {[%emt 0:02:50]} h6 {[%emt 0:00:35]} 8. Bh4 {[%emt 0:00:56]} d6 {[%emt 0:01:48]} 9. O-O-O {[%emt 0:07:23]} a4 {[%emt 0:13:59]} 10. a3 {[%emt 0:01:02]} Bxc3 {[%emt 0:00:08]} 11. Qxc3 {[%emt 0:00:10]} Nbd7 {[%emt 0:08:52]} 12. Bd3 {[%emt 0:03:46]} Ra5 {[%emt 0:04:45]} 13. Rhg1 {[%emt 0:16:49]} g5 {[%emt 0:04:36]} 14. Bg3 {[%emt 0:00:07]} Ne4 {[%emt 0:00:10]} 15. Qc2 {[%emt 0:06:32]} f5 {[%emt 0:04:37]} 16. Nd2 {[%emt 0:02:33]} Nxg3 {[%emt 0:09:22]} 17. hxg3 {[%emt 0:00:18]} Qf6 {[%emt 0:00:56]} 18. Nb1 {[%emt 0:07:24]} O-O {[%emt 0:04:35]} 19. Nc3 {[%emt 0:00:06]} c5 {[%emt 0:01:36]} 20. d5 {[%emt 0:05:11]} exd5 {[%emt 0:00:22]} 21. cxd5 {[%emt 0:01:31]} Ne5 {[%emt 0:02:37]} 22. Bb5 {[%emt 0:04:09]} Ba6 {[%emt 0:01:43]} 23. Bxa6 {[%emt 0:02:28]} Rxa6 {[%emt 0:00:25]} 24. f4 {[%emt 0:02:37]} Ng4 {[%emt 0:07:03]} 25. Rge1 {[%emt 0:01:53]} b5 {[%emt 0:04:30]} 26. Nxb5 {[%emt 0:01:37]} Rb6 {[%emt 0:00:33]} 27. Nc3 {[%emt 0:00:59]} Rfb8 {[%emt 0:00:08]} 28. Nxa4 {[%emt 0:01:53]} Rb3 {[%emt 0:08:05]} 29. Rd3 {[%emt 0:01:57]} Rxd3 {[%emt 0:05:11]} 30. Qxd3 {[%emt 0:00:09]} Nf2 {[%emt 0:00:01]} 31. Qc2 {[%emt 0:01:02]} Ne4 {[%emt 0:00:07]} 32. g4 {[%emt 0:08:59]} gxf4 {[%emt 0:00:50]} 33. gxf5 {[%emt 0:12:33]} Qh4 {[%emt 0:01:29]} 34. Qe2 {[%emt 0:00:32]} Re8 {[%emt 0:02:32]} 35. Kc2 {[%emt 0:06:50]} fxe3 {[%emt 0:01:49]} 36. g4 {[%emt 0:01:48]} Qf2 {[%emt 0:03:10]} 37. Qxf2 {[%emt 0:01:07]} Nxf2 {[%emt 0:00:08]} 38. Nb6 {[%emt 0:00:36]} Nxg4 {[%emt 0:00:13]} 39. Nc4 {[%emt 0:00:49]} h5 {[%emt 0:01:23]} 1/2-1/2

[Event "SVK ECo-C Extraliga 2018-19"]
[Site "Slovakia"]
[Date "2019.04.12"]
[Round "9.3"]
[White "Petrik, Tomas"]
[Black "Rojicek, Vojtech"]
[Result "0-1"]
[WhiteElo "2475"]
[BlackElo "2386"]
[Annotator "ChessBase"]
[PlyCount "132"]
[EventDate "2018.11.10"]
[EventType "team-tourn"]
[EventCountry "SVK"]
[SourceTitle "playchess.com"]
[Source "ChessBase"]
[SourceQuality "1"]
[WhiteTeam "Zilina"]
[BlackTeam "Liptovska"]
[TimeControl "40/5400+30:1800+30"]

1. e4 {[%emt 0:00:04]} e6 {[%emt 0:00:12]} 2. d4 {[%emt 0:00:37]} d5 {[%emt 0:00:04]} 3. Nd2 {[%emt 0:00:48]} c5 {[%emt 0:00:36]} 4. Ngf3 {[%emt 0:03:03]} cxd4 {[%emt 0:00:56]} 5. exd5 {[%emt 0:01:01]} Qxd5 {[%emt 0:00:13]} 6. Bc4 {[%emt 0:00:15]} Qd6 {[%emt 0:00:07]} 7. O-O {[%emt 0:00:22]} Nf6 {[%emt 0:00:35]} 8. Re1 {[%emt 0:09:56]} Nc6 {[%emt 0:01:21]} 9. Ne4 {[%emt 0:03:00]} Nxe4 {[%emt 0:10:33]} 10. Rxe4 {[%emt 0:00:08]} Qc5 {[%emt 0:00:46]} 11. Bb3 {[%emt 0:12:48]} Bd7 {[%emt 0:17:16]} 12. Nxd4 {[%emt 0:06:03]} Nxd4 {[%emt 0:00:11]} 13. Rxd4 {[%emt 0:00:58]} Bc6 {[%emt 0:00:24]} 14. Be3 {[%emt 0:03:48]} Qa5 {[%emt 0:04:43]} 15. Qg4 {[%emt 0:20:48]} Qe5 {[%emt 0:16:09]} 16. Re1 {[%emt 0:15:41]} Bc5 {[%emt 0:05:36]} 17. Rdd1 {[%emt 0:05:03]} Bxe3 {[%emt 0:07:41]} 18. Rxe3 {[%emt 0:00:06]} Qf6 {[%emt 0:00:06]} 19. Bxe6 {[%emt 0:02:34]} O-O {[%emt 0:00:02]} 20. Bb3 {[%emt 0:00:24]} Qxb2 {[%emt 0:00:39]} 21. c3 {[%emt 0:00:07]} Rad8 {[%emt 0:00:44]} 22. Bxf7+ {[%emt 0:03:03]} Kh8 {[%emt 0:00:01]} 23. Rxd8 {[%emt 0:00:32]} Rxd8 {[%emt 0:00:03]} 24. h4 {[%emt 0:00:31]} Qc1+ {[%emt 0:06:13]} 25. Kh2 {[%emt 0:00:06]} Qd2 {[%emt 0:00:12]} 26. Rg3 {[%emt 0:05:30]} Qh6 {[%emt 0:00:02]} 27. Bb3 {[%emt 0:01:16]} Qf6 {[%emt 0:00:33]} 28. Bc2 {[%emt 0:01:11]} Rd2 {[%emt 0:03:55]} 29. Qc8+ {[%emt 0:00:57]} Rd8 {[%emt 0:00:02]} 30. Qg4 {[%emt 0:00:05]} Rd2 {[%emt 0:00:05]} 31. Rd3 {[%emt 0:03:13]} Rxd3 {[%emt 0:00:19]} 32. Bxd3 {[%emt 0:00:02]} g6 {[%emt 0:01:16]} 33. Qd4 {[%emt 0:01:28]} Qxd4 {[%emt 0:05:43]} 34. cxd4 {[%emt 0:00:02]} b5 {[%emt 0:00:37]} 35. Kg3 {[%emt 0:00:06]} Kg7 {[%emt 0:00:39]} 36. Kf4 {[%emt 0:01:46]} Bxg2 {[%emt 0:01:15]} 37. Bxb5 {[%emt 0:00:26]} Bd5 {[%emt 0:00:05]} 38. a3 {[%emt 0:00:40]} Kf6 {[%emt 0:00:02]} 39. Bd3 {[%emt 0:00:29]} h6 {[%emt 0:01:02]} 40. Be4 {[%emt 0:00:19]} g5+ {[%emt 0:02:48]} 41. hxg5+ {[%emt 0:10:27]} hxg5+ {[%emt 0:00:00]} 42. Ke3 {[%emt 0:00:22]} Ba2 {[%emt 0:00:00]} 43. Kd2 {[%emt 0:07:55]} Ke6 {[%emt 0:01:03]} 44. Kc3 {[%emt 0:00:08]} a5 {[%emt 0:00:08]} 45. Bc2 {[%emt 0:06:23]} Kd5 {[%emt 0:00:02]} 46. f3 {[%emt 0:06:15]} Kd6 {[%emt 0:03:07]} 47. Bb3 {[%emt 0:00:02]} Bb1 {[%emt 0:00:06]} 48. Kc4 {[%emt 0:00:20]} Bg6 {[%emt 0:00:18]} 49. Kb5 {[%emt 0:02:31]} Bh5 {[%emt 0:01:22]} 50. Bd1 {[%emt 0:00:02]} Kd5 {[%emt 0:00:05]} 51. Kxa5 {[%emt 0:00:04]} Kxd4 {[%emt 0:00:10]} 52. Kb4 {[%emt 0:01:30]} Ke3 {[%emt 0:03:04]} 53. a4 {[%emt 0:00:08]} Kd2 {[%emt 0:00:02]} 54. f4 {[%emt 0:00:47]} g4 {[%emt 0:00:02]} 55. Bb3 {[%emt 0:00:48]} Ke3 {[%emt 0:00:49]} 56. f5 {[%emt 0:00:31]} Ke4 {[%emt 0:00:09]} 57. Bd1 {[%emt 0:00:29]} g3 {[%emt 0:00:26]} 58. Bxh5 {[%emt 0:00:31]} g2 {[%emt 0:00:10]} 59. f6 {[%emt 0:00:28]} g1=Q {[%emt 0:00:09]} 60. f7 {[%emt 0:00:04]} Qd4+ {[%emt 0:00:38]} 61. Kb5 {[%emt 0:00:08]} Qd5+ {[%emt 0:00:19]} 62. Kb6 {[%emt 0:00:22]} Qd6+ {[%emt 0:00:10]} 63. Kb7 {[%emt 0:01:27]} Kd5 {[%emt 0:00:50]} 64. a5 {[%emt 0:00:16]} Kc5 {[%emt 0:00:09]} 65. a6 {[%emt 0:00:45]} Qe7+ {[%emt 0:00:07]} 66. Kc8 {[%emt 0:00:30]} Kb6 {[%emt 0:00:09]} 0-1

[Event "SVK ECo-C Extraliga 2018-19"]
[Site "Slovakia"]
[Date "2019.04.12"]
[Round "9.3"]
[White "Roubalik, Jakub"]
[Black "Antoniewski, Rafal"]
[Result "1/2-1/2"]
[WhiteElo "2417"]
[BlackElo "2500"]
[Annotator "ChessBase"]
[PlyCount "30"]
[EventDate "2018.11.10"]
[EventType "team-tourn"]
[EventCountry "SVK"]
[SourceTitle "playchess.com"]
[Source "ChessBase"]
[SourceQuality "1"]
[WhiteTeam "Dubnica"]
[BlackTeam "Dunajov"]
[TimeControl "40/5400+30:1800+30"]

1. d4 {[%emt 0:00:00]} Nf6 {[%emt 0:00:04]} 2. c4 {[%emt 0:00:00]} e6 {[%emt 0:00:24]} 3. Nf3 {[%emt 0:00:00]} d5 {[%emt 0:00:26]} 4. Nc3 {[%emt 0:00:00]} Bb4 {[%emt 0:00:53]} 5. cxd5 {[%emt 0:05:14]} exd5 {[%emt 0:00:27]} 6. Bg5 {[%emt 0:00:05]} h6 {[%emt 0:00:07]} 7. Bh4 {[%emt 0:00:07]} Nc6 {[%emt 0:03:31]} 8. e3 {[%emt 0:05:13]} g5 {[%emt 0:04:03]} 9. Bg3 {[%emt 0:00:25]} Ne4 {[%emt 0:00:07]} 10. Nd2 {[%emt 0:06:31]} Nxc3 {[%emt 0:26:14]} 11. bxc3 {[%emt 0:00:19]} Bxc3 {[%emt 0:00:05]} 12. Rc1 {[%emt 0:00:11]} Ba5 {[%emt 0:00:11]} 13. Bb5 {[%emt 0:07:47]} Bd7 {[%emt 0:00:28]} 14. O-O {[%emt 0:01:35]} Ne7 {[%emt 0:02:05]} 15. Bd3 {[%emt 0:19:38]} Bf5 {[%emt 0:13:22]} 1/2-1/2

[Event "SVK ECo-C Extraliga 2018-19"]
[Site "Slovakia"]
[Date "2019.04.12"]
[Round "9.3"]
[White "Cibickova, Zuzana"]
[Black "Polak, Tomas"]
[Result "1/2-1/2"]
[WhiteElo "2239"]
[BlackElo "2528"]
[Annotator "ChessBase"]
[PlyCount "109"]
[EventDate "2018.11.10"]
[EventType "team-tourn"]
[EventCountry "SVK"]
[SourceTitle "playchess.com"]
[Source "ChessBase"]
[SourceQuality "1"]
[WhiteTeam "Komarno"]
[BlackTeam "Podhajska"]
[TimeControl "40/5400+30:1800+30"]

1. e4 {[%emt 0:00:00]} c6 {[%emt 0:00:00]} 2. Nc3 {[%emt 0:00:08]} d5 {[%emt 0:00:09]} 3. Nf3 {[%emt 0:00:09]} Bg4 {[%emt 0:00:24]} 4. h3 {[%emt 0:00:07]} Bh5 {[%emt 0:01:15]} 5. exd5 {[%emt 0:01:15]} cxd5 {[%emt 0:00:07]} 6. Bb5+ {[%emt 0:00:06]} Nc6 {[%emt 0:00:09]} 7. g4 {[%emt 0:06:44]} Bg6 {[%emt 0:00:22]} 8. Ne5 {[%emt 0:00:22]} Rc8 {[%emt 0:00:21]} 9. d4 {[%emt 0:00:31]} e6 {[%emt 0:01:18]} 10. h4 {[%emt 0:00:41]} f6 {[%emt 0:00:36]} 11. Nxg6 {[%emt 0:03:32]} hxg6 {[%emt 0:00:07]} 12. Qd3 {[%emt 0:04:59]} Kf7 {[%emt 0:00:30]} 13. Bxc6 {[%emt 0:09:13]} Rxc6 {[%emt 0:02:36]} 14. Ne2 {[%emt 0:00:07]} Qa5+ {[%emt 0:07:19]} 15. Bd2 {[%emt 0:20:00]} Qa6 {[%emt 0:01:36]} 16. Qxa6 {[%emt 0:05:47]} Rxa6 {[%emt 0:00:23]} 17. Bf4 {[%emt 0:03:32]} Ne7 {[%emt 0:11:56]} 18. Kd2 {[%emt 0:02:11]} Nc6 {[%emt 0:01:29]} 19. Bg3 {[%emt 0:04:11]} Be7 {[%emt 0:01:37]} 20. f4 {[%emt 0:08:30]} b5 {[%emt 0:07:54]} 21. Bf2 {[%emt 0:05:45]} Rc8 {[%emt 0:18:31]} 22. Nc1 {[%emt 0:04:52]} Ra4 {[%emt 0:06:46]} 23. b3 {[%emt 0:03:59]} Ra3 {[%emt 0:05:16]} 24. Rh3 {[%emt 0:04:02]} a5 {[%emt 0:08:00]} 25. Nd3 {[%emt 0:05:56]} a4 {[%emt 0:01:24]} 26. Nc5 {[%emt 0:01:14]} Ra8 {[%emt 0:03:31]} 27. Rb1 {[%emt 0:05:00]} Rxa2 {[%emt 0:07:24]} 28. b4 {[%emt 0:00:01]} Bd6 {[%emt 0:05:47]} 29. Be3 {[%emt 0:00:55]} Ra3 {[%emt 0:01:29]} 30. Nd3 {[%emt 0:00:13]} Rc8 {[%emt 0:00:53]} 31. h5 {[%emt 0:00:30]} Rxd3+ {[%emt 0:03:45]} 32. cxd3 {[%emt 0:00:30]} Nxb4 {[%emt 0:00:23]} 33. h6 {[%emt 0:00:49]} gxh6 {[%emt 0:00:24]} 34. Rxh6 {[%emt 0:00:04]} Rc2+ {[%emt 0:01:55]} 35. Kd1 {[%emt 0:00:00]} Rg2 {[%emt 0:01:01]} 36. Rh7+ {[%emt 0:00:03]} Kg8 {[%emt 0:00:06]} 37. Rd7 {[%emt 0:00:20]} Bf8 {[%emt 0:00:19]} 38. Rd8 {[%emt 0:01:11]} Na2 {[%emt 0:00:26]} 39. Bd2 {[%emt 0:00:20]} Rxd2+ {[%emt 0:01:24]} 40. Kxd2 {[%emt 0:00:02]} b4 {[%emt 0:00:05]} 41. Ra8 {[%emt 0:05:33]} a3 {[%emt 0:08:15]} 42. Kc2 {[%emt 0:00:11]} Kg7 {[%emt 0:01:31]} 43. Re1 {[%emt 0:00:37]} Nc3 {[%emt 0:01:08]} 44. Rxe6 {[%emt 0:16:24]} Nb5 {[%emt 0:00:35]} 45. Rb6 {[%emt 0:02:48]} Nxd4+ {[%emt 0:02:12]} 46. Kb1 {[%emt 0:00:02]} Kf7 {[%emt 0:11:10]} 47. Rxf8+ {[%emt 0:01:58]} Kxf8 {[%emt 0:00:05]} 48. Rxb4 {[%emt 0:00:07]} Ne2 {[%emt 0:03:16]} 49. Ka2 {[%emt 0:01:01]} Nc1+ {[%emt 0:00:46]} 50. Kxa3 {[%emt 0:00:04]} Nxd3 {[%emt 0:00:04]} 51. Rd4 {[%emt 0:00:09]} Ne1 {[%emt 0:05:13]} 52. Rxd5 {[%emt 0:02:16]} Nc2+ {[%emt 0:00:14]} 53. Kb3 {[%emt 0:00:12]} Ne3 {[%emt 0:00:04]} 54. Rd8+ {[%emt 0:00:07]} Ke7 {[%emt 0:00:28]} 55. Rd4 {[%emt 0:03:36]} 1/2-1/2

[Event "SVK ECo-C Extraliga 2018-19"]
[Site "Slovakia"]
[Date "2019.04.12"]
[Round "9.4"]
[White "Bulski, Krzysztof"]
[Black "Motuz, Karol"]
[Result "1/2-1/2"]
[WhiteElo "2538"]
[BlackElo "2375"]
[Annotator "ChessBase"]
[PlyCount "39"]
[EventDate "2018.11.10"]
[EventType "team-tourn"]
[EventCountry "SVK"]
[SourceTitle "playchess.com"]
[Source "ChessBase"]
[SourceQuality "1"]
[WhiteTeam "Dunajov"]
[BlackTeam "Dubnica"]
[TimeControl "40/5400+30:1800+30"]

1. c4 {[%emt 0:00:00]} e6 {[%emt 0:00:15]} 2. g3 {[%emt 0:00:40]} Nf6 {[%emt 0:00:26]} 3. Bg2 {[%emt 0:00:08]} d5 {[%emt 0:00:10]} 4. Nf3 {[%emt 0:00:12]} dxc4 {[%emt 0:00:57]} 5. Qa4+ {[%emt 0:03:25]} Nbd7 {[%emt 0:00:50]} 6. Qxc4 {[%emt 0:03:34]} a6 {[%emt 0:00:45]} 7. Qc2 {[%emt 0:02:19]} c5 {[%emt 0:05:52]} 8. O-O {[%emt 0:00:10]} b5 {[%emt 0:00:59]} 9. a4 {[%emt 0:03:38]} Bb7 {[%emt 0:01:30]} 10. axb5 {[%emt 0:16:28]} axb5 {[%emt 0:00:09]} 11. Rxa8 {[%emt 0:00:03]} Qxa8 {[%emt 0:01:05]} 12. Nc3 {[%emt 0:01:05]} b4 {[%emt 0:11:06]} 13. Nd1 {[%emt 0:00:30]} Be7 {[%emt 0:00:46]} 14. Ne3 {[%emt 0:05:54]} Nb6 {[%emt 0:10:47]} 15. b3 {[%emt 0:01:51]} Nfd5 {[%emt 0:05:25]} 16. Bb2 {[%emt 0:03:52]} Nxe3 {[%emt 0:02:45]} 17. fxe3 {[%emt 0:00:06]} O-O {[%emt 0:00:55]} 18. Ra1 {[%emt 0:02:12]} Qb8 {[%emt 0:03:59]} 19. Ra5 {[%emt 0:05:39]} Rd8 {[%emt 0:09:43]} 20. Kf2 {[%emt 0:23:48]} 1/2-1/2

[Event "SVK ECo-C Extraliga 2018-19"]
[Site "Slovakia"]
[Date "2019.04.12"]
[Round "9.4"]
[White "Kriebel, Tadeas"]
[Black "Druska, Juraj"]
[Result "1/2-1/2"]
[WhiteElo "2514"]
[BlackElo "2455"]
[Annotator "ChessBase"]
[PlyCount "82"]
[EventDate "2018.11.10"]
[EventType "team-tourn"]
[EventCountry "SVK"]
[SourceTitle "playchess.com"]
[Source "ChessBase"]
[SourceQuality "1"]
[WhiteTeam "Snina"]
[BlackTeam "Prakovce"]
[TimeControl "40/5400+30:1800+30"]

1. e4 {[%emt 0:00:00]} e6 {[%emt 0:00:00]} 2. d4 {[%emt 0:00:00]} d5 {[%emt 0:00:00]} 3. Nc3 {[%emt 0:00:00]} Bb4 {[%emt 0:00:12]} 4. e5 {[%emt 0:01:13]} Ne7 {[%emt 0:00:14]} 5. a3 {[%emt 0:00:19]} Bxc3+ {[%emt 0:00:06]} 6. bxc3 {[%emt 0:00:05]} c5 {[%emt 0:00:08]} 7. Qg4 {[%emt 0:00:51]} Kf8 {[%emt 0:00:20]} 8. Nf3 {[%emt 0:07:17]} Qc7 {[%emt 0:01:11]} 9. Bd3 cxd4 {[%emt 0:01:37]} 10. O-O {[%emt 0:01:36]} dxc3 {[%emt 0:04:07]} 11. a4 {[%emt 0:01:41]} Nbc6 {[%emt 0:02:36]} 12. Re1 {[%emt 0:00:18]} Kg8 {[%emt 0:15:15]} 13. Ba3 {[%emt 0:14:08]} Ng6 {[%emt 0:06:31]} 14. Bd6 {[%emt 0:06:19]} Qd8 {[%emt 0:00:28]} 15. h4 {[%emt 0:04:30]} h5 {[%emt 0:00:28]} 16. Qg3 {[%emt 0:00:21]} Nce7 {[%emt 0:00:07]} 17. Ng5 {[%emt 0:05:09]} Bd7 {[%emt 0:05:09]} 18. Re3 {[%emt 0:21:02]} Rc8 {[%emt 0:13:26]} 19. Rb1 {[%emt 0:06:57]} b6 {[%emt 0:11:17]} 20. Nxf7 {[%emt 0:00:11]} Kxf7 {[%emt 0:00:27]} 21. Bxg6+ {[%emt 0:00:05]} Nxg6 {[%emt 0:00:08]} 22. Rf3+ {[%emt 0:00:03]} Kg8 {[%emt 0:00:10]} 23. Qxg6 {[%emt 0:00:04]} Rh6 {[%emt 0:00:44]} 24. Qg3 {[%emt 0:09:04]} Bxa4 {[%emt 0:09:31]} 25. Rf8+ {[%emt 0:01:02]} Qxf8 {[%emt 0:00:06]} 26. Bxf8 Rxf8 {[%emt 0:00:09]} 27. Qxc3 {[%emt 0:00:17]} Rf4 {[%emt 0:00:04]} 28. Qc7 {[%emt 0:02:09]} Rg6 {[%emt 0:02:46]} 29. Qxa7 {[%emt 0:02:56]} b5 {[%emt 0:07:27]} 30. Qe7 {[%emt 0:00:24]} Rc4 {[%emt 0:02:21]} 31. Rb4 {[%emt 0:00:30]} Bxc2 {[%emt 0:04:59]} 32. Qe8+ {[%emt 0:01:49]} Kh7 {[%emt 0:00:02]} 33. Qxb5 {[%emt 0:00:08]} Be4 {[%emt 0:05:14]} 34. Rxc4 {[%emt 0:00:19]} dxc4 {[%emt 0:00:07]} 35. Qxc4 {[%emt 0:02:55]} Bxg2 {[%emt 0:00:23]} 36. Kh2 {[%emt 0:00:22]} Bf3 {[%emt 0:02:09]} 37. Qd3 {[%emt 0:04:40]} Bg4 {[%emt 0:00:09]} 38. f3 {[%emt 0:01:32]} Bf5 {[%emt 0:00:10]} 39. Qd8 {[%emt 0:01:56]} Bc2 {[%emt 0:03:25]} 40. Qd2 {[%emt 0:01:58]} Bf5 {[%emt 0:01:46]} 41. Qd1 {[%emt 0:32:23]} Kg8 {[%emt 0:32:36]} 1/2-1/2